Cricket... or Baseball? - Statistics

General Stats
  • This quiz has been taken 32 times
    28 since last reset
  • The average score is 11 of 15
Answer Stats
Question Answer % Correct
Has structures called "Wickets" Cricket
100%
Is a Bat-and-Ball game Both
96%
Most of the time, the ball is mainly red Cricket
96%
The person who throws the ball is called a "Bowler" Cricket
92%
The bat is round Baseball
88%
Has 4 Safe Havens Baseball
85%
Is more popular Cricket
81%
All fielders, except for the catchers, are obligated to wear gloves Baseball
73%
A lot of times a player will slide into a safe haven Baseball
69%
When the ball hits the batter without bouncing first is called a Beamer Cricket
65%
Is newer Baseball
62%
The ball has stitches Both
62%
The person who stands behind the batter is called the Umpire Baseball
58%
Is played with a smaller ball Cricket
42%
Was once played in the Olympics Both
19%
No matching quizzes found
Score Distribution
Percent of People with Each Score
Percentile by Number Answered
Your Score History
You have not taken this quiz since the last reset